The stewardship of wealth (Record no. 54868)
[ view plain ]
| 000 -LEADER | |
|---|---|
| fixed length control field | 03483nam a2200397 a 4500 |
| 082 04 - DEWEY DECIMAL CLASSIFICATION NUMBER | |
| Classification number | 332.024/01 |
| 100 1# - MAIN ENTRY--AUTHOR NAME | |
| Personal name | Curtis, Gregory, |
| 245 14 - TITLE STATEMENT | |
| Title | The stewardship of wealth |
| 260 ## - PUBLICATION, DISTRIBUTION, ETC. (IMPRINT) | |
| Place of publication | Hoboken, N.J. : |
| Name of publisher | Wiley, |
| Year of publication | 2013. |
| 300 ## - PHYSICAL DESCRIPTION | |
| Number of Pages | xxxiii, 423 p. |
| 500 ## - GENERAL NOTE | |
| General note | "This book is an updated and expanded edition of Creative Capital: Managing Private Wealth in a Complex World, by Gregory Curtis, copyright � 2004 by Gregory Curtis, New York: iUniverse, Inc."--Title page verso. |
| General note | Includes index. |
| 505 0# - FORMATTED CONTENTS NOTE | |
| Formatted contents note | pt. 1. The importance of private capital -- pt. 2. The stewardship of wealth -- pt. 3. The rich get richer. |
| 520 ## - SUMMARY, ETC. | |
| Summary, etc | "Indispensable advice for building a lasting financial legacyBuilding wealth is hard to do, but maintaining that wealth across generations is even more challenging. In The Stewardship of Wealth: Successful Private Wealth Management for Investors and Their Advisors + Website, wealth advice expert Gregory Curtis reveals the investment secrets of the world's wealthiest families, so that financial planners, fund managers, and wealthy individuals everywhere can follow in their footsteps. Outlining the best practices for preserving and growing wealth, the book details exactly how to build a lasting financial legacy in the face of taxes, inflation, investment costs, and the conflicts of interest that are endemic to the financial advisory business.Wealthy families are at the very heart of America's exceptionalism, of the vigor, resilience, and creativity that have made the U.S. the most successful nation in history. The Stewardship of Wealth's discusses the crucial role private wealth continues to play in America's remarkable economic and cultural success and the issues wealthy families and their advisors face, presenting a step-by-step guide to better managing liquid wealth. Reveals the wealth management strategies employed by America's wealthiest families and their financial managers Explores the challenges to ensuring that money stays in the family, from portfolio design to manager selection to monitoring investment performance, and much more Details the essential steps for ensuring a lasting financial legacy An examination of the key issues involved in managing private wealth, especially for affluent families, The Stewardship of Wealth + Website is the ultimate guide to building a financial legacy that will last"-- |
| 650 #0 - SUBJECT ADDED ENTRY--TOPICAL TERM | |
| Topical Term | Investments |
| Topical Term | Wealth |
| Topical Term | Finance |
| 856 40 - ELECTRONIC LOCATION AND ACCESS | |
| Uniform Resource Identifier | http://site.ebrary.com/lib/rucke/Doc?id=10617920 |
| 520 ## - SUMMARY, ETC. | |
| -- | Provided by publisher. |
No items available.
